Anagramy - polscy piłkarze. - Statystyki

Ogólne statystyki
  • Ten quiz został rozwiązany 31 razy
  • Średni wynik to 8 z 16
Statystyki odpowiedzi
Wskazówka Odpowiedź % Poprawnych
Bond rewolwer i skat Robert Lewandowski
88%
Świr deska rolki Karol Świderski
68%
Bujak i worki Jakub Kiwior
60%
Duma Baska Adam Buksa
56%
Niszczy swoje chcę Wojciech Szczęsny
56%
Ben daje kran Jan Bednarek
52%
Tańszy sen bas i maski Sebastian Szymański
52%
Szef z kitą portyk Krzysztof Piątek
48%
Srogi klimacik Kamil Grosicki
44%
Korzeń lis i tipi Piotr Zieliński
44%
Psisko szukał kur Łukasz Skorupski
40%
Mira szuka Lidki Arkadiusz Milik
36%
Sztorm nas obala Bartosz Salamon
36%
Mur do bajek Jakub Moder
36%
Całun bramki Marcin Bułka
32%
Wiosna laleczki Nicola Zalewski
28%
Nie znaleziono quizów pasujących do podanych kryteriów
Rozkład punktacji
Procent ludzi z każdym wynikiem
Percentyl według liczby udzielonych odpowiedzi
Twoja historia wyników
Nie rozwiązałeś tego quizu